000 00295nam a2200121Ia 4500
008 191201s2004 xx 000 0 und d
100 _aMISHRA, Rajiv K
245 0 _aPersonality Development
260 _aN.Delhi
_bRupa and Co
_c2004
300 _a274
650 _aGeneral Books
942 _2ddc
_cBK
999 _c3364
_d3364